|
|
|
|
| LEADER |
00000nam0a2200000 4500 |
| 001 |
282294 |
| 005 |
20231101235502.0 |
| 035 |
|
|
|a (RuTPU)RU\TPU\book\306175
|
| 090 |
|
|
|a 282294
|
| 100 |
|
|
|a 20150129d1984 m y0rusy5003 ca
|
| 101 |
0 |
|
|a rus
|
| 102 |
|
|
|a RU
|
| 105 |
|
|
|a a j 001zy
|
| 200 |
1 |
|
|a Организация машинной обработки экономической информации в отрасли связи
|e учебное пособие
|f В. Р. Малахова
|
| 210 |
|
|
|a Москва
|c Радио и связь
|d 1984
|
| 215 |
|
|
|a 168 с.
|
| 320 |
|
|
|a Библиогр.: с. 165
|
| 606 |
1 |
|
|a Связь
|x Экономическая эффективность
|2 stltpush
|3 (RuTPU)RU\TPU\subj\54276
|9 72433
|
| 610 |
1 |
|
|a экономическая информация
|
| 610 |
1 |
|
|a экономика
|
| 610 |
1 |
|
|a обработка на ЭВМ
|
| 610 |
1 |
|
|a математические методы
|
| 610 |
1 |
|
|a машинная обработка
|
| 610 |
1 |
|
|a учебные пособия
|
| 675 |
|
|
|a 654:658(075.8)
|z rus
|v 3
|
| 700 |
|
1 |
|a Малахова
|b В. Р.
|g Валентина Рудольфовна
|4 070
|
| 801 |
|
0 |
|a RU
|b RuMRKP
|c 19950704
|g psbo
|
| 801 |
|
1 |
|a RU
|b 63413507
|c 20150129
|
| 801 |
|
2 |
|a RU
|b 63413507
|c 20170502
|g RCR
|
| 942 |
|
|
|c BK
|